000 00416nam a2200157Ia 4500
008 240729s9999 xx 000 0 und d
022 _a2414-0082
245 0 _aMongolian Journal of Chemistry
260 _aMongolia
260 _bMongolian Academy of Sciences
650 _a Chemistry
650 _aScience
856 _uhttps://doaj.org/toc/80c362a0c42a4664a188db343c8307ab
942 _2ddc
942 _cDOAJEJ
999 _c72094
_d72094
945 _a1
_bMadushi Gamage
_c1
_dMadushi Gamage